| 000 -LEADER | |
|---|---|
| fixed length control field | 00487nam a22001577a 4500 |
| 005 - DATE AND TIME OF LATEST TRANSACTION | |
| control field | 20240108143041.0 |
| 008 - FIXED-LENGTH DATA ELEMENTS--GENERAL INFORMATION | |
| fixed length control field | 190528b xxu||||| |||| 00| 0 eng d |
| 020 ## - INTERNATIONAL STANDARD BOOK NUMBER | |
| ISBN | 978-93-86943-57-6 |
| 041 ## - LANGUAGE CODE | |
| Language code of text/sound track or separate title | eng |
| 100 ## - MAIN ENTRY--AUTHOR NAME | |
| Personal name | TIWARI, DR. ABHISHEK .,SINGH,DR.ANITA.,UPMANYU,DR. NEERAJ,AND TIWARI,DR. VARSHA |
| 245 ## - TITLE STATEMENT | |
| Title | A LABORATORY MANUAL ON PHARMACEUTICAL ORGANIC CHEMISTRY (SEM- II, AND III) |
| 250 ## - EDITION STATEMENT | |
| Edition statement | 3rd, ed. |
| 300 ## - PHYSICAL DESCRIPTION | |
| Number of Pages | 10.4p, |
| 650 ## - SUBJECT ADDED ENTRY--TOPICAL TERM | |
| Topical Term | PHARMACY |
| General subdivision | B.PHARMA |
| 942 ## - ADDED ENTRY ELEMENTS (KOHA) | |
| Koha item type | Books |
| Lost status | Damaged status | Collection code | Home library | Current library | Shelving location | Date acquired | Source of acquisition | Cost, normal purchase price | Accession Number | Koha item type |
|---|---|---|---|---|---|---|---|---|---|---|
| Reference | JRU Library | JRU Library | SHELF-5-A | 28/05/2019 | PURCHESS | 120.00 | 22773 | Books | ||
| PHARMACY | JRU Library | JRU Library | Shelf - 27- I | 28/05/2019 | PURCHESS | 120.00 | 22774 | Books | ||
| PHARMACY | JRU Library | JRU Library | SHELF-17-D | 28/05/2019 | PURCHESS | 120.00 | 22775 | Books |